Библиографски и дигитални измерения на българското краезнание (Запис номер 383192)
[ съкратено ]
| 000 -Лидер | |
|---|---|
| Контролно поле с фиксирана дължина | aam a22 a 4500 |
| 003 - Код на организацията, давaща контролен номер | |
| Контролно поле | BLK |
| 005 - Дата и час на последна редакция | |
| Контролно поле | 20230317100201.0 |
| 008 - Елементи от данни с фиксирана дължина | |
| fixed length control field | 181012b bu ||||| |||| 00| 0 bu d |
| 020 ## - Международен стандартен номер на книга ISBN | |
| Международен стандартен номер на книга ISBN | 9789540748870 |
| 040 ## - Източник на каталожния запис | |
| Идентификатор на билиотеката - собственик на записа | BLK |
| 041 ## - Код за език | |
| Код за езика на текст/звукозапис или на отделно заглавие | Български |
| Код за езика КДБФ | Български |
| 080 ## - УДК | |
| Текстов определител УДК | Специална библиография |
| УДК код - определител по УДК | 016 |
| УДК - код + определител | 016:908(497.2)(091) |
| УДК определител | :908(497.2)(091) |
| 080 ## - УДК | |
| Текстов определител УДК | Организация, нареждане и запазване на библиотечните фондове - Система от фондове, сигнатура, авторски таблици, нареждане и проверка на фондовете, запазване и др. п. |
| УДК код - определител по УДК | 025.8 |
| УДК - код + определител | 025.8:004(497.2) |
| УДК определител | :004(497.2) |
| 080 ## - УДК | |
| Текстов определител УДК | Краезнание |
| УДК код - определител по УДК | 908 |
| УДК - код + определител | 908(497.2) |
| УДК определител | (497.2) |
| 100 ## - Редна дума - Автор | |
| Автор | Панчева, Цветанка Христова |
| R(LIN) | 371495 |
| 139 ## - Редно поле | |
| Редна дума | Панчева, Цветанка Христова |
| Авторски знак | Панч - П 20 |
| 245 ## - Сведения за заглавието | |
| Заглавие | Библиографски и дигитални измерения на българското краезнание |
| Подзаглавни данни | Монография |
| Редно поле (дума) | Цветанка Панчева ; науч. ред. Симеон Недков |
| 260 ## - Област на издателските данни | |
| Име на издателя, разпространителя и проч. | Университетско издателство "Св. Климент Охридски" |
| Година на издаване | 2019 |
| Място на издаване, разпространение и проч. | София |
| 300 ## - Физическа характеристика | |
| Страници | 200 с. |
| Илюстрации и др. | с табл., диагр. |
| Размери/Мащаб | 24 см |
| 380 ## - Жанр | |
| Жанр | Общ отдел |
| 500 ## - Общи забележки | |
| Забележка | Рец.: Оля Харизанова, Нина Шуманова; Библиогр.: с. 182-190; Именен показалец; Рез. на англ. ез. |
| 650 #7 - Допълнително описание по предмет – тема | |
| 9 (RLIN) | 159613 |
| Основно описание – тема или топоним | Краезнание |
| 653 #7 - Ключова дума – ненормативна | |
| 9 (RLIN) | 189308 |
| Ключова дума | краезнание |
| 700 ## - Други автори (авторска отговорност) | |
| 9 (RLIN) | 695 |
| Лично име | Недков, Симеон Недков |
| Автороска отговорност (Описва отношението между автора и произведението) | науч. ред. |
| 852 ## - Местоположение | |
| Форматна сигнатура | К 016:929/С 75 |
| 999 ## - СИСТЕМНИ КОНТРОЛНИ НОМЕРА | |
| Koha biblionumber | 383192 |
| Koha biblioitemnumber | 383192 |
| 942 ## - АРТИКУЛИ | |
| Вид на библиотечния материал | Книги |
| Източник на класификационната схема | Universal Decimal Classification |
| Скрит в OPAC | Не |
| Периодичен библиозапис | Да |
| 944 ## - СЪЗДАВАНЕ И РЕДАКЦИЯ на ЗАПИСА | |
| Служител, извършил регистрацията/редакцията | ТД |
| Статус, дата на статуса | 2020-08-18 |
| 999 ## - СИСТЕМНИ КОНТРОЛНИ НОМЕРА | |
| Koha biblioitemnumber | 383192 |
| 999 ## - СИСТЕМНИ КОНТРОЛНИ НОМЕРА | |
| Koha biblioitemnumber | 383192 |
| 999 ## - СИСТЕМНИ КОНТРОЛНИ НОМЕРА | |
| Koha biblioitemnumber | 383192 |
| 999 ## - СИСТЕМНИ КОНТРОЛНИ НОМЕРА | |
| Koha biblioitemnumber | 323163 |
| 999 ## - СИСТЕМНИ КОНТРОЛНИ НОМЕРА | |
| Koha biblioitemnumber | 323163 |
| Код за отписване | Код за изгубен артикул | Източник на класификационната схема | Код за повреда | Коз за рестрикции | Код за отдаване | Артикулен № | Име на библиотеката - собственик | Име на библиотеката, в която се намира в момента | Статус (Текущо местоположение) | Дата на вписване в системата | Местоположение - отдел | Цена в лева | Систематично азбучна сигнатура | Баркод | Цена в евро | Служебен тип на артикула |
|---|---|---|---|---|---|---|---|---|---|---|---|---|---|---|---|---|
| Не е изгубен | Universal Decimal Classification | Не е повреден | само за читалня | ползва се в читалня | 792561 | Регионална библиотека "Любен Каравелов" Русе | Регионална библиотека "Любен Каравелов" Русе | Методичен отдел | 2020-08-20 | Методичен отдел | 9.10 | 016/П 20 Ц | 120000845716 | 4.65 | Книги | |
| Не е изгубен | Universal Decimal Classification | Не е повреден | само за читалня | ползва се в читалня | 792562 | Регионална библиотека "Любен Каравелов" Русе | Регионална библиотека "Любен Каравелов" Русе | Краезнание | 2020-08-20 | Краезнание | 9.10 | К 016/П 20 Ц | 120000845715 | 4.65 | Книги |